NSG. NOW TODAY ISSUE TOMORROW TRENDS (Record no. 2026)

MARC details
000 -LEADER
fixed length control field 00362nam a2200133Ia 4500
008 - FIXED-LENGTH DATA ELEMENTS--GENERAL INFORMATION
fixed length control field 220530s9999 xx 000 0 und d
020 ## - INTERNATIONAL STANDARD BOOK NUMBER
International Standard Book Number 9789351528722
100 ## - MAIN ENTRY--PERSONAL NAME
Personal name CATALANO
9 (RLIN) 60245
245 ## - TITLE STATEMENT
Title NSG. NOW TODAY ISSUE TOMORROW TRENDS
250 ## - EDITION STATEMENT
Edition statement FOURTH
260 ## - PUBLICATION, DISTRIBUTION, ETC. (IMPRINT)
Place of publication, distribution, etc. NAGPUR
Name of publisher, distributor, etc. JAYPEE PUBLICATION,NAGPUR
Date of publication, distribution, etc. 2007
650 ## - SUBJECT ADDED ENTRY--TOPICAL TERM
Topical term or geographic name as entry element NURSING FOUNDATION
9 (RLIN) 60246
Holdings
Withdrawn status Lost status Damaged status Not for loan Home library Current library Date acquired Vendor Cost, normal purchase price Total Checkouts Barcode Date last seen Bill Date Koha item type Original Barcode
        Sitabai Nargundkar College of Nursing Nagpur Sitabai Nargundkar College of Nursing Nagpur 26/03/2008 TEXTBOOK,PURCHASE JAYPEE BROTHERS PUBLICATION,NAGPUR,INVOICE NO.1329 371.25   SNCN-BK-594 05/05/2023 31/05/2022 Books 594